[Event "DEM U10 2024"]
[Site "Willingen GER"]
[Date "2024.05.20"]
[Round "4"]
[White "Bentele, Otto"]
[Black "Egert, Niilo"]
[Result "1-0"]
[Termination "normal"]
[Board "25"]
[WhiteElo "1538"]
[BlackElo "1105"]
[WhiteClock "01:12:08"]
[BlackClock "01:12:24"]
[PlyCount "161"]
[WhiteFideId "34653643"]
[BlackFideId "533001774"]
[EventCountry "GER"]
[EventRounds "11"]
[EventType "swiss"]
[EventDate "2024.05.18"]

1. e4 {[%clk 01:15:59]} e5 {[%clk 01:15:52]} {[%emt 00:00:09]} 2. Nf3 {[%clk
01:16:20]} {[%emt 00:00:08]} Nc6 {[%clk 01:16:08]} {[%emt 00:00:14]} 3. Bc4
{[%clk 01:16:40]} {[%emt 00:00:10]} Nf6 {[%clk 01:16:20]} {[%emt 00:00:18]} 4.
Ng5 {[%clk 01:17:02]} {[%emt 00:00:09]} d5 {[%clk 01:16:34]} {[%emt 00:00:17]}
5. exd5 {[%clk 01:17:22]} {[%emt 00:00:09]} Na5 {[%clk 01:16:54]} {[%emt
00:00:10]} 6. d3 {[%clk 01:17:41]} {[%emt 00:00:10]} h6 {[%clk 01:16:37]}
{[%emt 00:00:47]} 7. Nf3 {[%clk 01:17:55]} {[%emt 00:00:16]} c6 {[%clk
01:16:16]} {[%emt 00:00:52]} 8. dxc6 {[%clk 01:18:04]} {[%emt 00:00:21]} Nxc6
{[%clk 01:16:37]} {[%emt 00:00:08]} 9. h3 {[%clk 01:18:04]} {[%emt 00:00:30]}
Bc5 {[%clk 01:16:55]} {[%emt 00:00:12]} 10. Nc3 {[%clk 01:18:17]} {[%emt
00:00:17]} O-O {[%clk 01:16:21]} {[%emt 00:01:05]} 11. O-O {[%clk 01:18:29]}
{[%emt 00:00:18]} Bf5 {[%clk 01:15:58]} {[%emt 00:00:52]} 12. Re1 {[%clk
01:17:45]} {[%emt 00:01:14]} Re8 {[%clk 01:16:07]} {[%emt 00:00:21]} 13. Bb5
{[%clk 01:17:35]} {[%emt 00:00:41]} Qb6 {[%clk 01:16:06]} {[%emt 00:00:31]} 14.
Be3 {[%clk 01:17:40]} {[%emt 00:00:23]} Rad8 {[%clk 01:15:23]} {[%emt
00:01:14]} 15. Bxc6 {[%clk 01:16:56]} {[%emt 00:01:15]} Qxc6 {[%clk 01:15:20]}
{[%emt 00:00:33]} 16. Bxc5 {[%clk 01:16:29]} {[%emt 00:00:56]} Qxc5 {[%clk
01:15:36]} {[%emt 00:00:14]} 17. Qc1 {[%clk 01:16:01]} {[%emt 00:00:59]} Qc6
{[%clk 01:14:51]} {[%emt 00:01:15]} 18. Qe3 {[%clk 01:15:14]} {[%emt 00:01:17]}
e4 {[%clk 01:14:15]} {[%emt 00:01:07]} 19. dxe4 {[%clk 01:15:14]} {[%emt
00:00:29]} Nxe4 {[%clk 01:14:30]} {[%emt 00:00:15]} 20. Qf4 {[%clk 01:11:33]}
{[%emt 00:04:10]} Bh7 {[%clk 01:10:06]} {[%emt 00:04:54]} 21. Nxe4 {[%clk
01:08:18]} {[%emt 00:03:46]} Bxe4 {[%clk 01:10:20]} {[%emt 00:00:15]} 22. c3
{[%clk 01:08:05]} {[%emt 00:00:43]} Bxf3 {[%clk 01:07:11]} {[%emt 00:03:39]}
23. Qxf3 {[%clk 01:07:15]} {[%emt 00:01:20]} Qxf3 {[%clk 01:07:27]} {[%emt
00:00:15]} 24. gxf3 {[%clk 01:07:37]} {[%emt 00:00:08]} Rxe1+ {[%clk 01:07:26]}
{[%emt 00:00:31]} 25. Rxe1 {[%clk 01:07:51]} {[%emt 00:00:15]} Rd2 {[%clk
01:07:45]} {[%emt 00:00:12]} 26. Rb1 {[%clk 01:07:47]} {[%emt 00:00:34]} Kf8
{[%clk 01:07:39]} {[%emt 00:00:36]} 27. Kf1 {[%clk 01:08:10]} {[%emt 00:00:07]}
Ke7 {[%clk 01:07:53]} {[%emt 00:00:15]} 28. Ke1 {[%clk 01:08:04]} {[%emt
00:00:36]} Rc2 {[%clk 01:08:16]} {[%emt 00:00:08]} 29. a4 {[%clk 01:08:03]}
{[%emt 00:00:31]} Kd6 {[%clk 01:08:29]} {[%emt 00:00:17]} 30. Rd1+ {[%clk
01:08:23]} {[%emt 00:00:09]} Ke6 {[%clk 01:08:25]} {[%emt 00:00:34]} 31. Rd2
{[%clk 01:08:03]} {[%emt 00:00:50]} Rc1+ {[%clk 01:08:10]} {[%emt 00:00:46]}
32. Ke2 {[%clk 01:05:15]} {[%emt 00:03:18]} Rh1 {[%clk 01:08:24]} {[%emt
00:00:16]} 33. Rd8 {[%clk 01:05:38]} {[%emt 00:00:07]} Ra1 {[%clk 01:08:01]}
{[%emt 00:00:52]} 34. Rb8 {[%clk 01:05:34]} {[%emt 00:00:34]} b6 {[%clk
01:08:23]} {[%emt 00:00:09]} 35. b3 {[%clk 01:05:06]} {[%emt 00:00:57]} Ra3
{[%clk 01:08:15]} {[%emt 00:00:38]} 36. Ra8 {[%clk 01:04:37]} {[%emt 00:00:59]}
a5 {[%clk 01:08:27]} {[%emt 00:00:19]} 37. b4 {[%clk 01:04:16]} {[%emt
00:00:51]} Rxa4 {[%clk 01:08:45]} {[%emt 00:00:11]} 38. Ra6 {[%clk 01:04:29]}
{[%emt 00:00:17]} Kd5 {[%clk 01:06:05]} {[%emt 00:03:10]} 39. Rxb6 {[%clk
01:04:20]} {[%emt 00:00:40]} axb4 {[%clk 01:05:25]} {[%emt 00:01:10]} 40. cxb4
{[%clk 01:04:35]} {[%emt 00:00:15]} Kc4 {[%clk 01:05:23]} {[%emt 00:00:32]} 41.
Rb7 {[%clk 01:04:47]} {[%emt 00:00:17]} Rxb4 {[%clk 01:03:49]} {[%emt
00:02:04]} 42. Rxf7 {[%clk 01:05:00]} {[%emt 00:00:16]} Kd5 {[%clk 01:03:52]}
{[%emt 00:00:29]} 43. Rxg7 {[%clk 01:05:12]} {[%emt 00:00:18]} Rh4 {[%clk
01:04:12]} {[%emt 00:00:09]} 44. Rg3 {[%clk 01:05:26]} {[%emt 00:00:15]} Rh5
{[%clk 01:04:21]} {[%emt 00:00:22]} 45. Kf1 {[%clk 01:05:34]} {[%emt 00:00:23]}
Ke5 {[%clk 01:04:34]} {[%emt 00:00:17]} 46. Kg2 {[%clk 01:05:33]} {[%emt
00:00:30]} Kf4 {[%clk 01:04:55]} {[%emt 00:00:10]} 47. Rg4+ {[%clk 01:05:36]}
{[%emt 00:00:26]} Kf5 {[%clk 01:05:13]} {[%emt 00:00:13]} 48. Kg3 {[%clk
01:05:53]} {[%emt 00:00:12]} Rg5 {[%clk 01:04:34]} {[%emt 00:01:09]} 49. f4
{[%clk 01:05:35]} {[%emt 00:00:49]} Rh5 {[%clk 01:04:39]} {[%emt 00:00:25]} 50.
f3 {[%clk 01:05:09]} {[%emt 00:00:56]} Kf6 {[%clk 01:04:50]} {[%emt 00:00:19]}
51. Rh4 {[%clk 01:05:12]} {[%emt 00:00:27]} Rxh4 {[%clk 01:04:45]} {[%emt
00:00:35]} 52. Kxh4 {[%clk 01:05:33]} {[%emt 00:00:08]} Kg6 {[%clk 01:05:01]}
{[%emt 00:00:15]} 53. Kg4 {[%clk 01:05:06]} {[%emt 00:00:56]} h5+ {[%clk
01:05:12]} {[%emt 00:00:19]} 54. Kg3 {[%clk 01:05:25]} {[%emt 00:00:11]} Kf5
{[%clk 01:05:05]} {[%emt 00:00:38]} 55. h4 {[%clk 01:05:14]} {[%emt 00:00:41]}
Kg6 {[%clk 01:05:25]} {[%emt 00:00:09]} 56. Kf2 {[%clk 01:05:33]} {[%emt
00:00:11]} Kf5 {[%clk 01:05:48]} {[%emt 00:00:08]} 57. Ke3 {[%clk 01:05:52]}
{[%emt 00:00:10]} Kf6 {[%clk 01:05:58]} {[%emt 00:00:20]} 58. Ke4 {[%clk
01:06:07]} {[%emt 00:00:15]} Ke6 {[%clk 01:05:55]} {[%emt 00:00:34]} 59. f5+
{[%clk 01:06:12]} {[%emt 00:00:24]} Kf6 {[%clk 01:06:16]} {[%emt 00:00:09]} 60.
Kf4 {[%clk 01:06:33]} {[%emt 00:01:04]} Kf7 {[%clk 01:06:29]} {[%emt 00:00:18]}
61. Kg5 {[%clk 01:06:38]} {[%emt 00:00:25]} Kg7 {[%clk 01:06:07]} {[%emt
00:00:51]} 62. Kxh5 {[%clk 01:05:54]} {[%emt 00:01:15]} Kh7 {[%clk 01:06:30]}
{[%emt 00:00:07]} 63. f4 {[%clk 01:06:06]} {[%emt 00:00:17]} Kg7 {[%clk
01:06:55]} {[%emt 00:00:05]} 64. Kg5 {[%clk 01:06:27]} {[%emt 00:00:09]} Kf7
{[%clk 01:07:10]} {[%emt 00:00:15]} 65. h5 {[%clk 01:06:52]} {[%emt 00:00:06]}
Kg7 {[%clk 01:07:33]} {[%emt 00:00:07]} 66. f6+ {[%clk 01:07:09]} {[%emt
00:00:12]} Kf7 {[%clk 01:07:53]} {[%emt 00:00:10]} 67. h6 {[%clk 01:07:23]}
{[%emt 00:00:15]} Kg8 {[%clk 01:08:18]} {[%emt 00:00:07]} 68. Kg6 {[%clk
01:07:41]} {[%emt 00:00:12]} Kh8 {[%clk 01:08:36]} {[%emt 00:00:12]} 69. Kf7
{[%clk 01:07:44]} {[%emt 00:00:27]} Kh7 {[%clk 01:08:59]} {[%emt 00:00:06]} 70.
Ke7 {[%clk 01:08:00]} {[%emt 00:00:14]} Kxh6 {[%clk 01:09:17]} {[%emt
00:00:12]} 71. f7 {[%clk 01:08:19]} {[%emt 00:00:11]} Kh5 {[%clk 01:09:40]}
{[%emt 00:00:08]} 72. f8=Q {[%clk 01:08:40]} {[%emt 00:00:09]} Kg4 {[%clk
01:10:05]} {[%emt 00:00:04]} 73. f5 {[%clk 01:09:02]} {[%emt 00:00:09]} Kf4
{[%clk 01:10:24]} {[%emt 00:00:11]} 74. f6 {[%clk 01:09:31]} {[%emt 00:00:01]}
Kf5 {[%clk 01:10:44]} {[%emt 00:00:10]} 75. f7 {[%clk 01:09:58]} {[%emt
00:00:02]} Ke5 {[%clk 01:11:05]} {[%emt 00:00:09]} 76. Qg7+ {[%clk 01:10:17]}
{[%emt 00:00:11]} Kd5 {[%clk 01:11:31]} {[%emt 00:00:05]} 77. f8=Q {[%clk
01:10:34]} {[%emt 00:00:13]} Ke4 {[%clk 01:11:46]} {[%emt 00:00:15]} 78. Qg5
{[%clk 01:10:49]} {[%emt 00:00:14]} Kd4 {[%clk 01:12:02]} {[%emt 00:00:15]} 79.
Qff4+ {[%clk 01:11:11]} {[%emt 00:00:08]} Kd3 {[%clk 01:12:24]} {[%emt
00:00:08]} 80. Qgg3+ {[%clk 01:11:40]} {[%emt 00:00:02]} Ke2 {[%emt 00:00:43]}
81. Qff2+ {[%clk 01:12:08]} 1-0

[Event "DEM U10 2024"]
[Site "Willingen GER"]
[Date "2024.05.20"]
[Round "4"]
[White "Katzenstein, Alexander"]
[Black "Elli, Emeric"]
[Result "0-1"]
[Termination "normal"]
[Board "26"]
[WhiteElo "1275"]
[BlackElo "1164"]
[WhiteClock "00:22:14"]
[BlackClock "00:37:56"]
[PlyCount "142"]
[WhiteFideId "34696822"]
[BlackFideId "533001790"]
[EventCountry "GER"]
[EventRounds "11"]
[EventType "swiss"]
[EventDate "2024.05.18"]

1. d4 {[%clk 01:15:56]} {[%emt 00:00:03]} d5 {[%clk 01:15:50]} {[%emt
00:00:11]} 2. c4 {[%clk 01:16:22]} {[%emt 00:00:04]} e6 {[%clk 01:16:00]}
{[%emt 00:00:19]} 3. Nc3 {[%clk 01:16:45]} {[%emt 00:00:08]} Nf6 {[%clk
01:16:11]} {[%emt 00:00:18]} 4. Nf3 {[%clk 01:17:01]} {[%emt 00:00:14]} Be7
{[%clk 01:15:06]} {[%emt 00:01:36]} 5. Bf4 {[%clk 01:15:42]} {[%emt 00:01:48]}
O-O {[%clk 01:15:24]} {[%emt 00:00:12]} 6. e3 {[%clk 01:15:47]} {[%emt
00:00:26]} b6 {[%clk 01:15:17]} {[%emt 00:00:37]} 7. cxd5 {[%clk 01:15:47]}
{[%emt 00:00:29]} exd5 {[%clk 01:15:19]} {[%emt 00:00:29]} 8. Bd3 {[%clk
01:15:37]} {[%emt 00:00:39]} Bb7 {[%clk 01:15:20]} {[%emt 00:00:31]} 9. O-O
{[%clk 01:15:18]} {[%emt 00:00:46]} c5 {[%clk 01:15:38]} {[%emt 00:00:13]} 10.
b3 {[%clk 01:13:37]} {[%emt 00:02:12]} Nbd7 {[%clk 01:14:51]} {[%emt 00:01:17]}
11. Rc1 {[%clk 01:09:14]} {[%emt 00:04:52]} Ne4 {[%clk 01:13:23]} {[%emt
00:01:58]} 12. Bxe4 {[%clk 01:07:07]} {[%emt 00:02:35]} dxe4 {[%clk 01:13:36]}
{[%emt 00:00:19]} 13. Nd2 {[%clk 01:06:18]} {[%emt 00:01:18]} f5 {[%clk
01:09:59]} {[%emt 00:04:07]} 14. dxc5 {[%clk 01:04:23]} {[%emt 00:02:26]} Nxc5
{[%clk 01:09:26]} {[%emt 00:01:03]} 15. Nc4 {[%clk 01:03:29]} {[%emt 00:01:24]}
Nd3 {[%clk 01:07:59]} {[%emt 00:01:57]} 16. Rc2 {[%clk 01:02:24]} {[%emt
00:01:35]} Bg5 {[%clk 01:05:29]} {[%emt 00:02:59]} 17. Rd2 {[%clk 01:00:50]}
{[%emt 00:02:05]} Bxf4 {[%clk 01:05:14]} {[%emt 00:00:46]} 18. exf4 {[%clk
01:00:59]} {[%emt 00:00:20]} Qh4 {[%clk 01:04:32]} {[%emt 00:01:12]} 19. g3
{[%clk 00:58:13]} {[%emt 00:03:16]} Qh3 {[%clk 01:04:26]} {[%emt 00:00:37]} 20.
f3 {[%clk 00:54:33]} {[%emt 00:04:09]} exf3 {[%clk 01:03:24]} {[%emt 00:01:32]}
21. Rxf3 {[%clk 00:49:44]} {[%emt 00:05:19]} Bxf3 {[%clk 01:03:19]} {[%emt
00:00:36]} 22. Qxf3 {[%clk 00:50:04]} {[%emt 00:00:10]} Nc5 {[%clk 01:03:10]}
{[%emt 00:00:40]} 23. Qd5+ {[%clk 00:49:52]} {[%emt 00:00:42]} Kh8 {[%clk
01:02:56]} {[%emt 00:00:43]} 24. Ne5 {[%clk 00:49:40]} {[%emt 00:00:42]} Qh5
{[%clk 01:01:30]} {[%emt 00:01:55]} 25. b4 {[%clk 00:49:25]} {[%emt 00:00:47]}
Na6 {[%clk 00:57:08]} {[%emt 00:04:52]} 26. b5 {[%clk 00:46:31]} {[%emt
00:03:23]} Nc5 {[%clk 00:57:21]} {[%emt 00:00:17]} 27. Qc4 {[%clk 00:34:01]}
{[%emt 00:12:59]} Rac8 {[%clk 00:50:14]} {[%emt 00:07:38]} 28. Qd5 {[%clk
00:32:06]} {[%emt 00:02:25]} Qe8 {[%clk 00:47:38]} {[%emt 00:03:06]} 29. Re2
{[%clk 00:24:48]} {[%emt 00:07:45]} Qe6 {[%clk 00:37:58]} {[%emt 00:10:13]} 30.
Qxe6 {[%clk 00:20:27]} {[%emt 00:04:52]} Nxe6 {[%clk 00:38:06]} {[%emt
00:00:20]} 31. Nd5 {[%clk 00:20:23]} {[%emt 00:00:35]} Nd4 {[%clk 00:37:38]}
{[%emt 00:00:58]} 32. Rb2 {[%clk 00:19:53]} {[%emt 00:00:58]} Rc5 {[%clk
00:37:17]} {[%emt 00:00:53]} 33. Nd7 {[%clk 00:19:37]} {[%emt 00:00:46]} Rxd5
{[%clk 00:37:00]} {[%emt 00:00:48]} 34. Nxf8 {[%clk 00:19:39]} {[%emt
00:00:28]} Kg8 {[%clk 00:37:16]} {[%emt 00:00:13]} 35. Kf2 {[%clk 00:19:19]}
{[%emt 00:00:50]} Kxf8 {[%clk 00:37:32]} {[%emt 00:00:15]} 36. Rd2 {[%clk
00:19:34]} {[%emt 00:00:14]} Ke7 {[%clk 00:37:21]} {[%emt 00:00:42]} 37. Ke3
{[%clk 00:19:27]} {[%emt 00:00:35]} Rxb5 {[%clk 00:35:45]} {[%emt 00:02:08]}
38. Kxd4 {[%clk 00:19:18]} {[%emt 00:00:39]} Kd6 {[%clk 00:34:46]} {[%emt
00:01:28]} 39. Kc4+ {[%clk 00:19:15]} {[%emt 00:00:33]} Kc6 {[%clk 00:35:04]}
{[%emt 00:00:13]} 40. Rd6+ {[%clk 00:18:41]} {[%emt 00:01:03]} Kxd6 {[%clk
00:35:09]} {[%emt 00:00:26]} 41. Kxb5 {[%clk 00:19:02]} {[%emt 00:00:09]} Kc7
{[%clk 00:35:06]} {[%emt 00:00:33]} 42. Ka6 {[%clk 00:19:02]} {[%emt 00:00:30]}
Kb8 {[%clk 00:35:26]} {[%emt 00:00:09]} 43. h3 {[%clk 00:19:17]} {[%emt
00:00:15]} h6 {[%clk 00:35:41]} {[%emt 00:00:15]} 44. g4 {[%clk 00:19:18]}
{[%emt 00:00:29]} g6 {[%clk 00:35:40]} {[%emt 00:00:31]} 45. gxf5 {[%clk
00:18:56]} {[%emt 00:00:52]} gxf5 {[%clk 00:35:49]} {[%emt 00:00:21]} 46. h4
{[%clk 00:19:22]} {[%emt 00:00:05]} h5 {[%clk 00:36:09]} {[%emt 00:00:10]} 47.
a3 {[%clk 00:19:19]} {[%emt 00:00:33]} Ka8 {[%clk 00:34:06]} {[%emt 00:02:32]}
48. a4 {[%clk 00:18:21]} {[%emt 00:01:29]} Kb8 {[%clk 00:34:12]} {[%emt
00:00:24]} 49. Kb5 {[%clk 00:16:54]} {[%emt 00:01:57]} Kb7 {[%clk 00:34:26]}
{[%emt 00:00:16]} 50. Kc4 {[%clk 00:17:12]} {[%emt 00:00:12]} Kc6 {[%clk
00:34:25]} {[%emt 00:00:30]} 51. Kd4 {[%clk 00:16:58]} {[%emt 00:00:45]} Kd6
{[%clk 00:34:32]} {[%emt 00:00:23]} 52. Kc4 {[%clk 00:17:10]} {[%emt 00:00:17]}
a6 {[%clk 00:34:07]} {[%emt 00:00:56]} 53. Kd4 {[%clk 00:16:56]} {[%emt
00:00:44]} Ke6 {[%clk 00:34:12]} {[%emt 00:00:25]} 54. Kc4 {[%clk 00:16:59]}
{[%emt 00:00:27]} b5+ {[%clk 00:34:19]} {[%emt 00:00:23]} 55. axb5 {[%clk
00:17:16]} {[%emt 00:00:13]} axb5+ {[%clk 00:34:43]} {[%emt 00:00:06]} 56. Kxb5
{[%clk 00:17:27]} {[%emt 00:00:19]} Kd5 {[%clk 00:35:03]} {[%emt 00:00:09]} 57.
Kb6 {[%clk 00:17:52]} {[%emt 00:00:06]} Ke4 {[%clk 00:35:26]} {[%emt 00:00:07]}
58. Kc6 {[%emt 00:00:07]} Kxf4 {[%clk 00:35:44]} {[%emt 00:00:10]} 59. Kd5
{[%clk 00:18:41]} {[%emt 00:00:06]} Kg4 {[%clk 00:35:53]} {[%emt 00:00:21]} 60.
Ke5 {[%clk 00:18:39]} {[%emt 00:00:32]} f4 {[%clk 00:35:42]} {[%emt 00:00:41]}
61. Ke4 {[%clk 00:18:40]} {[%emt 00:00:28]} Kg3 {[%clk 00:36:03]} {[%emt
00:00:09]} 62. Kf5 {[%clk 00:18:44]} {[%emt 00:00:26]} f3 {[%clk 00:35:47]}
{[%emt 00:00:46]} 63. Kg5 {[%clk 00:19:07]} {[%emt 00:00:06]} f2 {[%clk
00:35:56]} {[%emt 00:00:21]} 64. Kxh5 {[%clk 00:19:28]} {[%emt 00:00:09]} f1=Q
{[%emt 00:00:16]} 65. Kg5 {[%clk 00:19:41]} {[%emt 00:00:16]} Qf4+ {[%clk
00:36:27]} {[%emt 00:00:14]} 66. Kg6 {[%clk 00:20:04]} {[%emt 00:00:08]} Kxh4
{[%clk 00:36:34]} {[%emt 00:00:23]} 67. Kh7 {[%clk 00:20:30]} {[%emt 00:00:04]}
Qf6 {[%clk 00:36:44]} {[%emt 00:00:19]} 68. Kg8 {[%clk 00:20:55]} {[%emt
00:00:06]} Qe7 {[%clk 00:37:06]} {[%emt 00:00:07]} 69. Kh8 {[%clk 00:21:23]}
{[%emt 00:00:03]} Kh5 {[%clk 00:37:24]} {[%emt 00:00:12]} 70. Kg8 {[%clk
00:21:46]} {[%emt 00:00:07]} Kh6 {[%clk 00:37:34]} {[%emt 00:00:19]} 71. Kh8
{[%clk 00:22:14]} {[%emt 00:00:03]} Qg7# {[%clk 00:37:56]} {[%emt 00:00:07]}
0-1

[Event "DEM U10 2024"]
[Site "Willingen GER"]
[Date "2024.05.20"]
[Round "4"]
[White "Köbel, John"]
[Black "Weßels, Keke"]
[Result "0-1"]
[Termination "normal"]
[Board "28"]
[WhiteElo "1110"]
[BlackElo "1207"]
[WhiteClock "00:38:17"]
[BlackClock "00:45:05"]
[PlyCount "123"]
[WhiteFideId "34641394"]
[BlackFideId "34640045"]
[EventCountry "GER"]
[EventRounds "11"]
[EventType "swiss"]
[EventDate "2024.05.18"]

1. d4 {[%clk 01:15:52]} {[%emt 00:00:07]} Nf6 {[%clk 01:15:44]} {[%emt
00:00:16]} 2. Nc3 {[%clk 01:16:17]} {[%emt 00:00:05]} g6 {[%clk 01:16:00]}
{[%emt 00:00:14]} 3. Bf4 {[%clk 01:16:28]} {[%emt 00:00:19]} Bg7 {[%clk
01:16:14]} {[%emt 00:00:16]} 4. e4 {[%clk 01:16:02]} {[%emt 00:00:56]} d6
{[%clk 01:16:16]} {[%emt 00:00:29]} 5. Nf3 {[%clk 01:15:38]} {[%emt 00:00:54]}
O-O {[%clk 01:16:20]} {[%emt 00:00:26]} 6. Be2 {[%clk 01:14:52]} {[%emt
00:01:15]} c5 {[%emt 00:00:35]} 7. d5 {[%clk 01:12:49]} {[%emt 00:02:31]} Re8
{[%clk 01:13:18]} {[%emt 00:03:28]} 8. O-O {[%clk 01:10:35]} {[%emt 00:02:44]}
Nbd7 {[%clk 01:12:25]} {[%emt 00:01:23]} 9. Qd2 {[%clk 01:09:30]} {[%emt
00:01:36]} Ng4 {[%clk 01:04:12]} {[%emt 00:08:38]} 10. h3 {[%clk 01:07:02]}
{[%emt 00:03:02]} Nge5 {[%clk 01:03:49]} {[%emt 00:00:52]} 11. Bh6 {[%clk
01:01:52]} {[%emt 00:05:41]} Nxf3+ {[%clk 01:03:12]} {[%emt 00:01:06]} 12. Bxf3
{[%clk 01:02:07]} {[%emt 00:00:16]} Ne5 {[%clk 01:02:42]} {[%emt 00:00:58]} 13.
Be2 {[%clk 00:58:49]} {[%emt 00:03:51]} a6 {[%clk 00:57:30]} {[%emt 00:05:41]}
14. Bxg7 {[%clk 00:58:49]} {[%emt 00:00:30]} Kxg7 {[%clk 00:57:38]} {[%emt
00:00:22]} 15. Nd1 {[%clk 00:55:52]} {[%emt 00:03:27]} b5 {[%clk 00:56:54]}
{[%emt 00:01:14]} 16. b3 {[%clk 00:55:12]} {[%emt 00:01:10]} e6 {[%clk
00:54:06]} {[%emt 00:03:18]} 17. c4 {[%clk 00:53:59]} {[%emt 00:01:44]} exd5
{[%emt 00:01:46]} 18. exd5 {[%clk 00:50:06]} {[%emt 00:04:21]} bxc4 {[%clk
00:51:59]} {[%emt 00:01:23]} 19. Bxc4 {[%clk 00:49:10]} {[%emt 00:01:26]} Bxh3
{[%clk 00:51:40]} {[%emt 00:00:47]} 20. f4 {[%clk 00:47:50]} {[%emt 00:01:51]}
Nxc4 {[%clk 00:51:48]} {[%emt 00:00:22]} 21. bxc4 {[%clk 00:48:04]} {[%emt
00:00:16]} Bg4 {[%clk 00:51:10]} {[%emt 00:01:00]} 22. g3 {[%clk 00:39:32]}
{[%emt 00:09:11]} Kg8 {[%clk 00:48:37]} {[%emt 00:03:03]} 23. Ne3 {[%clk
00:38:06]} {[%emt 00:01:55]} Bd7 {[%clk 00:47:32]} {[%emt 00:01:32]} 24. Kg2
{[%clk 00:37:33]} {[%emt 00:01:05]} Rb8 {[%clk 00:47:08]} {[%emt 00:00:55]} 25.
Rh1 {[%clk 00:37:27]} {[%emt 00:00:36]} Qf6 {[%clk 00:46:40]} {[%emt 00:00:55]}
26. Rab1 {[%clk 00:37:04]} {[%emt 00:00:56]} Bf5 {[%clk 00:45:59]} {[%emt
00:01:11]} 27. Nxf5 {[%clk 00:36:16]} {[%emt 00:01:18]} Qxf5 {[%clk 00:46:12]}
{[%emt 00:00:16]} 28. Rxb8 {[%clk 00:35:51]} {[%emt 00:00:57]} Rxb8 {[%clk
00:44:45]} 29. Kf3 {[%clk 00:35:57]} {[%emt 00:02:19]} g5 {[%clk 00:43:43]}
{[%emt 00:01:33]} 30. g4 {[%clk 00:30:00]} {[%emt 00:06:27]} Qxf4+ {[%clk
00:43:46]} {[%emt 00:00:27]} 31. Qxf4 {[%clk 00:30:16]} {[%emt 00:00:14]} gxf4
{[%clk 00:44:09]} {[%emt 00:00:06]} 32. Kxf4 {[%clk 00:30:38]} {[%emt
00:00:09]} Rb2 {[%clk 00:43:46]} {[%emt 00:00:50]} 33. Ra1 {[%clk 00:30:59]}
{[%emt 00:00:12]} Rc2 {[%clk 00:44:03]} {[%emt 00:00:12]} 34. Rb1 {[%clk
00:31:02]} {[%emt 00:00:29]} Rxc4+ {[%clk 00:44:17]} {[%emt 00:00:15]} 35. Kf5
{[%clk 00:31:15]} {[%emt 00:00:17]} Kg7 {[%clk 00:43:55]} {[%emt 00:00:52]} 36.
Rb6 {[%clk 00:31:30]} {[%emt 00:00:15]} Rd4 {[%clk 00:43:39]} {[%emt 00:00:46]}
37. Rxd6 {[%clk 00:31:49]} {[%emt 00:00:11]} c4 {[%clk 00:43:39]} {[%emt
00:00:30]} 38. Rc6 {[%clk 00:32:05]} {[%emt 00:00:15]} Rxd5+ {[%clk 00:43:15]}
{[%emt 00:00:53]} 39. Ke4 {[%clk 00:32:25]} {[%emt 00:00:10]} Rg5 {[%clk
00:43:10]} {[%emt 00:00:33]} 40. Kf4 {[%clk 00:32:47]} {[%emt 00:00:10]} Ra5
{[%clk 00:42:38]} {[%emt 00:01:02]} 41. Rxc4 {[%clk 00:33:04]} {[%emt
00:00:13]} Rxa2 {[%clk 00:42:48]} {[%emt 00:00:20]} 42. Rc5 {[%clk 00:33:05]}
{[%emt 00:00:29]} Ra4+ {[%clk 00:42:46]} {[%emt 00:00:31]} 43. Kg5 {[%clk
00:33:26]} {[%emt 00:00:10]} h6+ {[%clk 00:42:12]} {[%emt 00:01:04]} 44. Kf5
{[%clk 00:33:43]} {[%emt 00:00:13]} Rb4 {[%clk 00:41:54]} {[%emt 00:00:37]} 45.
Ra5 {[%clk 00:33:35]} {[%emt 00:00:49]} Rb5+ {[%clk 00:42:13]} {[%emt
00:00:11]} 46. Rxb5 {[%clk 00:33:50]} {[%emt 00:00:15]} axb5 {[%clk 00:42:34]}
{[%emt 00:00:08]} 47. Ke4 {[%clk 00:34:15]} {[%emt 00:00:05]} Kf6 {[%clk
00:42:47]} {[%emt 00:00:17]} 48. Kd5 {[%clk 00:34:29]} {[%emt 00:00:17]} Kg5
{[%clk 00:43:02]} {[%emt 00:00:14]} 49. Kc5 {[%clk 00:34:45]} {[%emt 00:00:15]}
Kxg4 {[%clk 00:43:12]} {[%emt 00:00:21]} 50. Kxb5 {[%clk 00:35:10]} {[%emt
00:00:04]} Kf5 {[%clk 00:43:22]} {[%emt 00:00:19]} 51. Kc4 {[%clk 00:35:34]}
{[%emt 00:00:07]} Ke4 {[%clk 00:43:40]} {[%emt 00:00:11]} 52. Kc3 {[%clk
00:35:57]} {[%emt 00:00:07]} Ke3 {[%clk 00:43:53]} {[%emt 00:00:18]} 53. Kc2
{[%clk 00:36:20]} {[%emt 00:00:07]} Ke2 {[%clk 00:44:09]} {[%emt 00:00:14]} 54.
Kc3 {[%clk 00:36:40]} {[%emt 00:00:09]} f5 {[%clk 00:44:31]} {[%emt 00:00:09]}
55. Kd4 {[%clk 00:37:05]} {[%emt 00:00:05]} f4 {[%clk 00:44:50]} {[%emt
00:00:11]} 56. Ke4 {[%clk 00:37:27]} {[%emt 00:00:08]} f3 {[%clk 00:45:07]}
{[%emt 00:00:13]} 57. Kf4 {[%clk 00:37:52]} {[%emt 00:00:05]} f2 {[%clk
00:45:23]} {[%emt 00:00:14]} 58. Kg3 {[%clk 00:38:18]} {[%emt 00:00:03]} f1=Q
{[%clk 00:45:42]} {[%emt 00:00:12]} 59. Kh2 {[%clk 00:38:38]} {[%emt 00:00:09]}
Qf3 {[%clk 00:44:42]} {[%emt 00:01:29]} 60. Kg1 {[%clk 00:38:59]} {[%emt
00:00:10]} h5 {[%clk 00:44:45]} {[%emt 00:00:27]} 61. Kh2 {[%clk 00:37:56]}
{[%emt 00:01:34]} Qg4 {[%clk 00:45:05]} {[%emt 00:00:10]} 62. Kh1 {[%clk
00:38:17]} {[%emt 00:00:09]} 0-1